| 000 | 00369nam a2200133Ia 4500 | ||
|---|---|---|---|
| 008 | 220217s9999||||xx |||||||||||||| ||und|| | ||
| 020 | _a81-259-0630-4 | ||
| 082 | _a519.24 VED | ||
| 100 |
_aVedhamurthy, V., Niyengar, N.Ch.N _91322 |
||
| 245 | 0 | _aNimerical methods | |
| 260 |
_aVikas publishing house _bNew De3lhi _c2000 |
||
| 300 | _b120 | ||
| 650 | _aMATHEMATICS | ||
| 999 |
_c166217 _d166217 |
||